000 00513nam a22001937a 4500
003 OSt
005 20140310181747.0
008 130622t xxu||||| |||| 00| 0 eng d
020 _a9780233001883
050 _aND 553
_b.H851 2007
082 _aIB 759.4
_bH83 2007
100 _aHoward, Michael
245 _aThe treasures of monet /
_cMichael Howard.
260 _aParis :
_bAndre Deutsch Ltd.,
_c2007.
300 _a88 p. :
_bill. col. ;
_c30 cm.
650 _aPaintings
942 _2lcc
_cBK
999 _c3030
_d3030